Shri Durga-A spritual journey: (Record no. 172785)

MARC details
000 -LEADER
fixed length control field 00585nam a22001817a 4500
005 - DATE AND TIME OF LATEST TRANSACTION
control field 20200213103729.0
010 ## - LCCN (DPL NO)
LC control number ENG-127822
020 ## - INTERNATIONAL STANDARD BOOK NUMBER
Terms of availability 300.00
International Standard Book Number 9789382543336
035 ## - SYSTEM CONTROL NUMBER
System control number EN-111354
037 ## - SOURCE OF ACQUISITION
Source of stock number/acquisition DBAD/PUB
082 ## - DEWEY DECIMAL CLASSIFICATION NUMBER
Classification number 230.2
100 ## - MAIN ENTRY--PERSONAL NAME
Personal name Kapoor,Kanwal Nayan
245 ## - TITLE STATEMENT
Title Shri Durga-A spritual journey:
Statement of responsibility, etc by Gaddam Naresh Reddy...[et al]
Remainder of title An english adaptation of shree Durga shaptshati/
260 ## - PUBLICATION, DISTRIBUTION, ETC. (IMPRINT)
Place of publication, distribution, etc New Delhi
Name of publisher, distributor, etc Isha Gyandeep
Date of publication, distribution, etc 2016
270 ## - ADDRESS
City New Delhi
Postal code 110088
Address A.D.-77A,Shalimar Bag
300 ## - PHYSICAL DESCRIPTION
Extent 200p.
Dimensions 22cm(pbk)
942 ## - ADDED ENTRY ELEMENTS (KOHA)
Source of classification or shelving scheme Dewey Decimal Classification
Item type English Books
Call number suffix KAP
Classification part 230.2
Holdings
Withdrawn status Lost status Not for loan Collection code Home library Current library Date acquired Source of acquisition Cost, normal purchase price Full call number Barcode Copy number Cost, replacement price Koha item type
      Non-fiction Central Library Central Library 13/02/2020 DBAD/PUB 300.00 230.2 KAP EN-111354 1 300.00 English Books

© Delhi Public Library
Hit Counter
free hit counter